000 01194cab a22002055a 4500
001 L139521
008 070730e2007 xxk f 000 0 eng d
035 _a(Sirsi) u139521
041 0 _aeng
100 1 _aFowler, Steven
245 0 0 _aInventories
_bin the light of TDP legislation
260 _c2007
490 _aLetting Update Journal
_v15(2) July 2007, 14-17(4)
520 _aFirst of two articles addressing best practice for dealing with residential tenancy inventories. Following the introduction of Tenancy Deposit Protection, these have become a subject of debate. Events are showing that disputes can easily require Alternative Dispute Resolution. Landlords should provide an inventory along with a tenancy agreement or risk lacking proof should dispute arise. Good inventories will contain factual and descriptive terms. Photographs and digital recordings can be helpful, but are no substitute for this. Considers the relative merits of accompanied and unaccompanied move-ins.
590 _aKA
650 2 4 _aHOUSING ACT 2004 PART VI
651 4 _aUnited Kingdom
_y
690 _aPROPERTY-RESIDENTIAL PROPERTY-RESIDENTIAL LANDLORD AND TENANT-RESIDENTIAL TENANCIES
942 _n0
999 _c79046
_d79046